| 000 | 00605nam a2200217Ii 4500 | ||
|---|---|---|---|
| 003 | JO-AjNU | ||
| 008 | 230606s9999||||xx |||||||||||||| ||und|| | ||
| 020 | _a5- 03001452- 7 | ||
| 040 |
_aJO-AjNU _beng _erda _cJO-AjNU |
||
| 041 | _aeng | ||
| 050 | 1 | 4 | _aQD381 1990 |
| 100 | 3 |
_aKULEZNEV, V.N/ V.A. SHERSHNEV, _eauthor _96083 |
|
| 245 | 0 | 4 | _aTHE CHEMISTRY AND PHYSICS OF POLYMERS |
| 250 | _a1ed | ||
| 264 | 3 | 1 | _aMoscow: Mir publisher, 1990 |
| 300 | _a335p | ||
| 336 |
_atext _btxt _2rdacontent |
||
| 337 |
_aunmediated _bn _2rdamedia |
||
| 338 |
_avolume _bnc _2rdacarrier |
||
| 650 | 4 |
_aChemistry _96084 |
|
| 999 |
_aE3156 _c3152 _d3152 |
||